| 000 | 00663cab a2200205 4500 | ||
|---|---|---|---|
| 001 | WB2447-38 | ||
| 008 | 090401t1988 xxu||||| |||| 00| 0 eng d | ||
| 035 | _a(Sirsi) u76941 | ||
| 041 | _aeng | ||
| 245 | _aStately homes privatisation? | ||
| 260 | _c1988 | ||
| 350 | _a0 | ||
| 490 |
_aTimes _v24/11/88 p16 |
||
| 520 | _aDiscusses the issues raised by Nicholas Ridley`s statement that stately homes should be sold off to the "nouveau riche" if their original owners can no longer afford the upkeep. | ||
| 650 | _aENGLISH HERITAGE | ||
| 650 | _aNATIONAL HERITAGE MEMORIAL FUND | ||
| 690 | _aPROPERTY LAW AND PRACTICE | ||
| 942 | _n0 | ||
| 948 | _c04/03/1997 | ||
| 999 |
_c48344 _d48344 |
||